Mimo dobro a zlo : předehra k filosofii budoucnosti / Friedrich Nietzsche
Record details
- ISBN: 80-85974-54-1
- Physical Description: 210 s. ; 21 cm
- Edition: Vyd. 2.
- Publisher: Praha : Aurora, 1998
Content descriptions
| General Note: | Z němčiny přeložila Věra Koubová ; doslov Zdeněk Neubauer Poznámky 1500 výt. |
Search for related items by subject
| Subject: | filozofie Philosophy |
| Genre: | úvahy Essays |
Available copies
- 0 of 1 copy available at Common Catalog SPOK.
Holds
- 0 current holds with 1 total copy.
Show Only Available Copies
| Location | Call Number / Copy Notes | Barcode | Shelving Location | Status | Due Date |
|---|---|---|---|---|---|
| Jabok Library | FL-3/Ni | 424480005684 | Odborná literatura | Checked out | 28.05.2025 |
| LDR | 01286nam a2200409 a 4500 | ||
|---|---|---|---|
| 001 | 6989 | ||
| 003 | CZ-PrJAB | ||
| 005 | 20220516092450.0 | ||
| 007 | tu | ||
| 008 | 981030s1998 xr e 000 0 cze | ||
| 015 | . | ‡acnb000486970 | |
| 020 | . | ‡a80-85974-54-1 ‡q(váz.) : ‡cKč 195,00 | |
| 035 | . | ‡a(CZ PrNK)cpk19980486970 | |
| 035 | . | ‡a(OCoLC)41531143 | |
| 040 | . | ‡aABA001 ‡bcze | |
| 041 | 1 | . | ‡acze ‡hger |
| 072 | 7. | ‡a101 ‡xFilozofie ‡2Konspekt ‡95 | |
| 080 | . | ‡a101 ‡2MRF | |
| 080 | . | ‡a111 ‡2MRF | |
| 080 | . | ‡a14 ‡2MRF | |
| 080 | . | ‡a(0:82-4) ‡2MRF | |
| 100 | 1 | . | ‡aNietzsche, Friedrich, ‡d1844-1900 ‡7jn19990006124 ‡4aut |
| 245 | 1 | 0. | ‡aMimo dobro a zlo : ‡bpředehra k filosofii budoucnosti / ‡cFriedrich Nietzsche |
| 250 | . | ‡aVyd. 2. | |
| 260 | . | ‡aPraha : ‡bAurora, ‡c1998 | |
| 300 | . | ‡a210 s. ; ‡c21 cm | |
| 500 | . | ‡aZ němčiny přeložila Věra Koubová ; doslov Zdeněk Neubauer | |
| 500 | . | ‡aPoznámky | |
| 500 | . | ‡a1500 výt. | |
| 650 | 0 | 7. | ‡afilozofie ‡7ph114540 ‡2czenas |
| 650 | 0 | 9. | ‡aPhilosophy ‡2eczenas |
| 655 | 7. | ‡aúvahy ‡7fd134000 ‡2czenas | |
| 655 | 9. | ‡aEssays ‡2eczenas | |
| 765 | 0 | . | ‡tJenseits von Gut und Böse ‡9Česky |
| 910 | . | ‡aABG312 | |
| 995 | . | ‡aska | |
| 901 | . | ‡a6989 ‡bUnknown ‡c6989 ‡tbiblio | |